Improving smallholder farming systems in Imperata areas of Southeast Asia : (Record no. 14683)

000 -LEADER
fixed length control field 00815cam a2200253Ia 4500
020 ## - INTERNATIONAL STANDARD BOOK NUMBER
ISBN 1863202234
020 ## - INTERNATIONAL STANDARD BOOK NUMBER
ISBN 9781863202237
040 ## - CATALOGING SOURCE
Transcribing agency CUV
082 ## - DEWEY DECIMAL CLASSIFICATION NUMBER
Classification number 333 ACI 1999 A068 Or.
245 00 - TITLE STATEMENT
Title Improving smallholder farming systems in Imperata areas of Southeast Asia :
Remainder of title alternatives to shifting cultivation /
260 ## - PUBLICATION, DISTRIBUTION, ETC. (IMPRINT)
Place of publication Canberra, ACT :
Name of publisher ACIAR,
Year of publication [1999?]
300 ## - PHYSICAL DESCRIPTION
Number of Pages xxxv, 280 p. :
Other physical details ill. ;
Dimensions 24 cm.
490 1# - SERIES STATEMENT
Series statement ACIAR monograph ;
650 #0 - SUBJECT ADDED ENTRY--TOPICAL TERM
Topical Term Farms, Small
650 #0 - SUBJECT ADDED ENTRY--TOPICAL TERM
Topical Term Shifting cultivation
650 #0 - SUBJECT ADDED ENTRY--TOPICAL TERM
Topical Term Arboriculture
650 #0 - SUBJECT ADDED ENTRY--TOPICAL TERM
Topical Term Imperata
700 1# - ADDED ENTRY--PERSONAL NAME
Personal name Menz, Kenneth.
700 1# - ADDED ENTRY--PERSONAL NAME
Personal name Magcale-Macandog, Damasa.
700 1# - ADDED ENTRY--PERSONAL NAME
Personal name Wayan Rusastra, I.
710 2# - ADDED ENTRY--CORPORATE NAME
Corporate name or jurisdiction name as entry element Australian Centre for International Agricultural Research.
710 2# - ADDED ENTRY--CORPORATE NAME
Corporate name or jurisdiction name as entry element Center for International Forestry Research.
942 ## - ADDED ENTRY ELEMENTS (KOHA)
Koha item type សៀវភៅភាសាអង់គ្លេស
952 ## - LOCATION AND ITEM INFORMATION (KOHA)
Withdrawn status [LOCAL, KOHA] 0
Holdings
Permanent Location Date acquired Koha item type Lost status Shelving location Barcode Current Location Full call number
Library Block A2017-10-24សៀវភៅភាសាអង់គ្លេស A068A18363Library Block A333 ACI 1999 A068 Or.
មជ្ឈមណ្ឌលឯការនៃសាកលវិទ្យាល័យភូមិន្ទកសិកម្មចំការដូង

Powered by Koha